00594nam a2200133 a 450000100100000000500170001000800410002704000250006824501090009326000370020230000210023995201830026099900170044300004622320201002052723.0150708s1987 dr 000 0 spa d aDO-SdBNPbspacBNPHU00aResoluciones del taller celebrado en el mes de marzo del 1987 :bred de militantes por el poder popular. a[Santo Domingo] :b[s.l],c1987. a30 p. ;c21 cmm. 0010718PDaPDbPDcHDd2015-07-08iLF1l0o p46223-10r2020-06-25w2020-06-25yLFPDzPerteneció a la biblioteca personal de Chiqui Vicioso / Fidelio Despradel.ZNo se presta c45712d45712